<?xml version="1.0" encoding="UTF-8"?>
<marc:record xmlns:marc="http://www.loc.gov/MARC21/slim">
   <marc:leader>00000nam a2200000 a 4500</marc:leader>
   <marc:datafield ind1="1" ind2=" " tag="100">
      <marc:subfield code="a">Kahane, Kitty</marc:subfield>
      <marc:subfield code="4">ctb</marc:subfield>
      <marc:subfield code="e">Mitwirkende/-r</marc:subfield>
   </marc:datafield>
   <marc:datafield ind1=" " ind2=" " tag="653">
      <marc:subfield code="a">Kochbuch</marc:subfield>
   </marc:datafield>
   <marc:datafield ind1=" " ind2=" " tag="653">
      <marc:subfield code="a">Kinderkochbuch</marc:subfield>
   </marc:datafield>
   <marc:datafield ind1=" " ind2=" " tag="653">
      <marc:subfield code="a">Softcover / Ratgeber/Essen</marc:subfield>
   </marc:datafield>
   <marc:datafield ind1=" " ind2=" " tag="653">
      <marc:subfield code="a">Trinken/Allgemeine Kochbücher</marc:subfield>
   </marc:datafield>
   <marc:datafield ind1=" " ind2=" " tag="653">
      <marc:subfield code="a">Grundkochbücher</marc:subfield>
   </marc:datafield>
   <marc:datafield ind1=" " ind2=" " tag="653">
      <marc:subfield code="a">Kindersachbuch</marc:subfield>
   </marc:datafield>
   <marc:datafield ind1="0" ind2="0" tag="245">
      <marc:subfield code="a">Clever kochen</marc:subfield>
   </marc:datafield>
   <marc:datafield ind1="0" ind2="0" tag="245">
      <marc:subfield code="b">das Kinderkochbuch ; KIMBA BT</marc:subfield>
   </marc:datafield>
   <marc:datafield ind1="0" ind2="0" tag="245">
      <marc:subfield code="c">ill. von Kitty Kahane</marc:subfield>
   </marc:datafield>
   <marc:datafield ind1=" " ind2="1" tag="264">
      <marc:subfield code="a">Berlin</marc:subfield>
      <marc:subfield code="b">Jacoby &amp; Stuart</marc:subfield>
      <marc:subfield code="c">2014</marc:subfield>
   </marc:datafield>
   <marc:datafield ind1="1" ind2=" " tag="520">
      <marc:subfield code="a">Angaben aus der Verlagsmeldung

Clever Kochen : Das Kinderkochbuch / von KIMBA BT

Pizza, Pasta und Burger – diese Kinder-Klassiker dürfen natürlich nicht fehlen. Doch es gibt auch ausgefallene und trotzdem einfache Rezepte in diesem Buch, wie z. B. für indische Gemüsepakoras und Kürbis-Kokos- Orangen-Suppe, die sich in der Praxis als Lieblingsgerichte der Kinder herausgestellt haben. Kindgerecht erklärt und step by step beschrieben, gelingen sie garantiert. Und die witzigen Illustrationen von Kitty Kahane tun selbstredend das Ihre dazu. Die Aufteilung des Buches folgt den Jahreszeiten, damit die kleinen Köche lernen, wann welche Lebensmittel Saison haben. Zusätzlich gibt es tolle praktische Tipps, etwa wie man Kräuter zieht, Marmelade und Sauerkraut selbst macht oder schaurig-gruselige Kürbisköpfe schnitzt. Und ganz zum Schluss wird erklärt, wie eine Biogasanlage funktioniert – und wie man sie zuhause selbst bauen und mit Essensresten betreiben kann! Ein großer Spaß!
</marc:subfield>
   </marc:datafield>
   <marc:datafield ind1=" " ind2=" " tag="020">
      <marc:subfield code="a">9783942787277</marc:subfield>
      <marc:subfield code="9">9783942787277</marc:subfield>
   </marc:datafield>
   <marc:datafield ind1=" " ind2=" " tag="041">
      <marc:subfield code="a">ger</marc:subfield>
   </marc:datafield>
   <marc:datafield ind1=" " ind2=" " tag="300">
      <marc:subfield code="a">61 S.</marc:subfield>
   </marc:datafield>
</marc:record>
